| 000 | 00571nam a2200229 a 4500 | ||
|---|---|---|---|
| 001 | nice12345678 | ||
| 003 | IN_TiNIC | ||
| 005 | 20260116012150.0 | ||
| 008 | 050524s1962 usaa grp 000 0 eng | ||
| 020 |
_a _c30 |
||
| 082 | 0 | 0 |
_a232.9 _bPRE |
| 245 |
_aJesus Christ _b an Illustrated Life of Christ |
||
| 260 |
_aUsa _bPrentice-Hall, Inc., _c1962 |
||
| 300 | _a81p | ||
| 500 | _aincludes index and biblioraphy | ||
| 505 | 2 | _aIllustrated | |
| 650 | _aJesus Christ-Biography | ||
| 710 | 2 | _aPrentice-Hall, Inc | |
| 902 | _bSRS | ||
| 942 | _cBK | ||
| 999 |
_c5903 _d5903 |
||